LEADER 07126nam a22006857a 4500
001 0022841
003 BD-DhAAL
008 110530t2006 enk |||| b||| 001 0 eng d
020 |a 9780141441443 
040 |a BD-DhAAL  |c BD-DhAAL 
082 0 0 |a 823.912  |2 20 
100 1 |a Lawrence, D. H.  |q (David Herbert),  |d 1885-1930. 
245 1 0 |a Sons and lovers /  |c D.H. Lawrence ; edited with notes by Helen Baron and Carl Baron ; with an introduction by Blake Morrison. 
260 |a London ;  |a New York :  |b Penguin Books,  |c 2006. 
300 |a xxviii, 492 pages ;  |c 20 cm 
490 |a Penguin classics 
504 |a Includes bibliographical references and index. 
541 |e 0022841 
650 0 |a Working class families  |x Fiction. 
650 0 |a Young men  |x Fiction. 
651 0 |a England  |x Fiction. 
655 7 |a Autobiographical fiction.  |2 gsafd  |9 5803 
655 7 |a Domestic fiction.  |2 lcsh 
655 7 |a Bildungsromane.  |2 gsafd 
700 1 |a Baron, Helen.  |9 59230 
700 1 |a Baron, Carl.  |9 59231 
830 |a Penguin classics. 
852 |a Ayesha Abed Library  |c General Stacks 
942 |2 ddc  |c BK 
999 |c 47452  |d 47452 
952 |0 0  |1 0  |2 ddc  |4 0  |6 823_912000000000000_LAW  |7 0  |9 16885  |a BRACUL  |b BRACUL  |c GEN  |d 2011-05-26  |e Karim International  |g 450.00  |l 2  |m 1  |o 823.912 LAW  |p 3010022841  |r 2018-05-24  |s 2018-05-08  |t 1  |w 2011-05-30  |y BK 
952 |0 0  |1 0  |2 ddc  |4 0  |6 823_912000000000000_LAW  |7 0  |9 16886  |a BRACUL  |b BRACUL  |c GEN  |d 2011-05-26  |e Karim International  |g 450.00  |l 3  |m 26  |o 823.912 LAW  |p 3010022842  |r 2018-08-27  |s 2018-05-15  |t 2  |w 2011-05-30  |y BK 
952 |0 0  |1 0  |2 ddc  |4 0  |6 823_912000000000000_LAW  |7 0  |9 16887  |a BRACUL  |b BRACUL  |c GEN  |d 2011-05-26  |e Karim International  |g 450.00  |l 4  |m 17  |o 823.912 LAW  |p 3010022843  |r 2026-02-17  |s 2026-02-17  |t 3  |w 2011-05-30  |y BK 
952 |0 0  |1 0  |2 ddc  |4 0  |6 823_912000000000000_LAW  |7 0  |9 16888  |a BRACUL  |b BRACUL  |c GEN  |d 2011-05-26  |e Karim International  |g 450.00  |l 2  |m 24  |o 823.912 LAW  |p 3010022844  |r 2022-04-04  |s 2022-04-04  |t 4  |w 2011-05-30  |y BK 
952 |0 0  |1 0  |2 ddc  |4 0  |6 823_912000000000000_LAW  |7 0  |9 16889  |a BRACUL  |b BRACUL  |c GEN  |d 2011-05-26  |e Karim International  |g 450.00  |l 2  |m 34  |o 823.912 LAW  |p 3010022845  |r 2018-12-06  |s 2018-05-06  |t 5  |w 2011-05-30  |y BK 
952 |0 0  |1 0  |2 ddc  |4 0  |6 823_912000000000000_LAW  |7 0  |9 16890  |a BRACUL  |b BRACUL  |c GEN  |d 2011-05-26  |e Karim International  |g 450.00  |l 4  |m 47  |o 823.912 LAW  |p 3010022846  |r 2019-02-17  |s 2019-02-13  |t 6  |w 2011-05-30  |y BK 
952 |0 0  |1 0  |2 ddc  |4 0  |6 823_912000000000000_LAW  |7 0  |9 16891  |a BRACUL  |b BRACUL  |c GEN  |d 2011-05-26  |e Karim International  |g 450.00  |l 2  |m 30  |o 823.912 LAW  |p 3010022847  |r 2018-09-01  |s 2018-05-08  |t 7  |w 2011-05-30  |y BK 
952 |0 0  |1 0  |2 ddc  |4 0  |6 823_912000000000000_LAW  |7 0  |9 16892  |a BRACUL  |b BRACUL  |c GEN  |d 2011-05-26  |e Karim International  |g 450.00  |l 2  |m 23  |o 823.912 LAW  |p 3010022848  |r 2018-11-06  |s 2018-05-08  |t 8  |w 2011-05-30  |y BK 
952 |0 0  |1 0  |2 ddc  |4 0  |6 823_912000000000000_LAW  |7 0  |9 16893  |a BRACUL  |b BRACUL  |c GEN  |d 2011-05-26  |e Karim International  |g 450.00  |l 3  |m 29  |o 823.912 LAW  |p 3010022849  |r 2018-09-10  |s 2018-05-08  |t 9  |w 2011-05-30  |y BK 
952 |0 0  |1 0  |2 ddc  |4 0  |6 823_912000000000000_LAW  |7 0  |9 16894  |a BRACUL  |b BRACUL  |c GEN  |d 2011-05-26  |e Karim International  |g 450.00  |l 0  |o 823.912 LAW  |p 3010022850  |r 2011-05-30  |t 10  |w 2011-05-30  |y BK 
952 |0 0  |1 0  |2 ddc  |4 0  |6 823_912000000000000_LAW  |7 0  |9 16895  |a BRACUL  |b BRACUL  |c GEN  |d 2011-05-30  |e Karim International  |g 450.00  |l 2  |m 9  |o 823.912 LAW  |p 3010022851  |r 2018-12-11  |s 2018-05-06  |t 11  |w 2011-05-30  |y BK 
952 |0 0  |1 0  |2 ddc  |4 0  |6 823_912000000000000_LAW  |7 0  |9 16896  |a BRACUL  |b BRACUL  |c GEN  |d 2011-05-26  |e Karim International  |g 450.00  |l 1  |m 15  |o 823.912 LAW  |p 3010022852  |r 2018-09-01  |s 2018-05-08  |t 12  |w 2011-05-30  |y BK 
952 |0 0  |1 0  |2 ddc  |4 0  |6 823_912000000000000_LAW  |7 0  |9 16897  |a BRACUL  |b BRACUL  |c GEN  |d 2011-05-26  |e Karim International  |g 450.00  |l 1  |m 2  |o 823.912 LAW  |p 3010022853  |r 2018-06-04  |s 2018-05-21  |t 13  |w 2011-05-30  |y BK 
952 |0 0  |1 0  |2 ddc  |4 0  |6 823_912000000000000_LAW  |7 0  |9 16898  |a BRACUL  |b BRACUL  |c GEN  |d 2011-05-26  |e Karim International  |g 450.00  |l 3  |m 20  |o 823.912 LAW  |p 3010022854  |r 2018-09-04  |s 2018-05-08  |t 14  |w 2011-05-30  |y BK 
952 |0 0  |1 0  |2 ddc  |4 0  |6 823_912000000000000_LAW  |7 0  |9 16906  |a BRACUL  |b BRACUL  |c GEN  |d 2011-05-26  |e Karim International  |g 450.00  |l 2  |m 4  |o 823.912 LAW  |p 3010022855  |r 2019-01-14  |s 2018-12-10  |t 15  |w 2011-05-30  |y BK 
952 |0 0  |1 0  |2 ddc  |4 0  |6 823_912000000000000_LAW  |7 0  |9 16911  |a BRACUL  |b BRACUL  |c GEN  |d 2011-05-26  |e Karim International  |g 450.00  |l 3  |m 4  |o 823.912 LAW  |p 3010022856  |r 2025-03-19  |s 2025-03-13  |t 16  |w 2011-05-31  |y BK 
952 |0 0  |1 0  |2 ddc  |4 0  |6 823_912000000000000_LAW  |7 0  |9 16912  |a BRACUL  |b BRACUL  |c GEN  |d 2011-05-26  |e Karim International  |g 450.00  |l 1  |m 14  |o 823.912 LAW  |p 3010022857  |r 2018-09-09  |s 2018-05-03  |t 17  |w 2011-05-31  |y BK 
952 |0 0  |1 0  |2 ddc  |4 0  |6 823_912000000000000_LAW  |7 0  |9 16913  |a BRACUL  |b BRACUL  |c GEN  |d 2011-05-26  |e Karim International  |g 450.00  |l 1  |m 14  |o 823.912 LAW  |p 3010022858  |r 2018-09-22  |s 2018-05-08  |t 18  |w 2011-05-31  |y BK 
952 |0 0  |1 0  |2 ddc  |4 0  |6 823_912000000000000_LAW  |7 0  |9 16914  |a BRACUL  |b BRACUL  |c GEN  |d 2011-05-26  |e Karim International  |g 450.00  |l 1  |m 15  |o 823.912 LAW  |p 3010022859  |r 2018-09-09  |s 2018-05-03  |t 19  |w 2011-05-31  |y BK 
952 |0 0  |1 0  |2 ddc  |4 0  |6 823_912000000000000_LAW  |7 0  |9 16915  |a BRACUL  |b BRACUL  |c GEN  |d 2011-05-26  |e Karim International  |g 450.00  |l 2  |m 13  |o 823.912 LAW  |p 3010022860  |r 2024-12-19  |s 2024-12-12  |t 20  |w 2011-05-31  |y BK 
952 |0 0  |1 0  |2 ddc  |4 0  |6 823_912000000000000_LAW  |7 0  |9 16916  |a BRACUL  |b BRACUL  |c GEN  |d 2011-05-26  |e Karim International  |g 450.00  |l 1  |m 11  |o 823.912 LAW  |p 3010022861  |r 2018-12-06  |s 2018-05-08  |t 21  |w 2011-05-31  |y BK 
952 |0 0  |1 0  |2 ddc  |4 0  |6 823_912000000000000_LAW  |7 0  |9 16917  |a BRACUL  |b BRACUL  |c GEN  |d 2011-05-26  |e Karim International  |g 450.00  |l 1  |m 19  |o 823.912 LAW  |p 3010022862  |r 2018-09-03  |s 2018-05-08  |t 22  |w 2011-05-31  |y BK 
952 |0 0  |1 0  |2 ddc  |4 0  |6 823_912000000000000_LAW  |7 0  |9 16918  |a BRACUL  |b BRACUL  |c GEN  |d 2011-05-26  |e Karim International  |g 450.00  |l 1  |o 823.912 LAW  |p 3010022863  |r 2012-07-08  |s 2012-05-01  |t 23  |w 2011-05-31  |y BK 
952 |0 0  |1 0  |2 ddc  |4 0  |6 823_912000000000000_LAW  |7 0  |9 16919  |a BRACUL  |b BRACUL  |c GEN  |d 2011-05-26  |e Karim International  |g 450.00  |l 1  |m 2  |o 823.912 LAW  |p 3010022864  |r 2018-05-30  |s 2018-05-13  |t 24  |w 2011-05-31  |y BK 
952 |0 0  |1 0  |2 ddc  |4 0  |6 823_912000000000000_LAW  |7 0  |9 16920  |a BRACUL  |b BRACUL  |c GEN  |d 2011-05-26  |e Karim International  |g 450.00  |l 1  |m 15  |o 823.912 LAW  |p 3010022865  |r 2018-09-10  |s 2018-05-15  |t 25  |w 2011-05-31  |y BK 
952 |0 0  |1 0  |2 ddc  |4 0  |6 823_912000000000000_LAW  |7 0  |9 16921  |a BRACUL  |b BRACUL  |c GEN  |d 2011-05-26  |e Karim International  |g 450.00  |l 1  |m 6  |o 823.912 LAW  |p 3010022866  |r 2015-06-21  |s 2015-05-17  |t 26  |w 2011-05-31  |y BK 
952 |0 0  |1 0  |2 ddc  |4 0  |6 823_912000000000000_LAW  |7 0  |9 16922  |a BRACUL  |b BRACUL  |c GEN  |d 2011-05-26  |e Karim International  |g 450.00  |l 1  |m 6  |o 823.912 LAW  |p 3010022867  |r 2024-08-31  |s 2024-06-04  |t 27  |w 2011-05-31  |y BK 
952 |0 0  |1 0  |2 ddc  |4 0  |6 823_912000000000000_LAW  |7 0  |9 16923  |a BRACUL  |b BRACUL  |c GEN  |d 2011-05-26  |e Karim International  |g 450.00  |l 3  |m 9  |o 823.912 LAW  |p 3010022868  |r 2022-05-31  |s 2022-05-12  |t 28  |w 2011-05-31  |y BK 
952 |0 0  |1 0  |2 ddc  |4 0  |6 823_912000000000000_LAW  |7 0  |9 16924  |a BRACUL  |b BRACUL  |c GEN  |d 2011-05-26  |e Karim International  |g 450.00  |l 5  |m 68  |o 823.912 LAW  |p 3010022869  |r 2023-10-15  |s 2023-10-11  |t 29  |w 2011-05-31  |y BK 
952 |0 0  |1 0  |2 ddc  |4 0  |6 823_912000000000000_LAW  |7 0  |9 16925  |a BRACUL  |b BRACUL  |c GEN  |d 2011-05-26  |e Karim International  |g 450.00  |l 1  |m 17  |o 823.912 LAW  |p 3010022870  |r 2018-09-01  |s 2018-05-09  |t 30  |w 2011-05-31  |y BK